Lý thuyết các quá trình luyện kim : Hoả luyện T.2 /
Sách tập trung giới thiệu những vấn đề lý thuyết cơ bản nhất của các quá trình hoả luyện trong quá trình luyện kim.
Zapisane w:
| 1. autor: | |
|---|---|
| Kolejni autorzy: | , |
| Format: | Książka |
| Język: | Vietnamese |
| Wydane: |
Hà Nội :
Giáo dục,
1997.
|
| Hasła przedmiotowe: | |
| Etykiety: |
Dodaj etykietę
Nie ma etykietki, Dołącz pierwszą etykiete!
|
| Thư viện lưu trữ: | Mạng thư viện Đại học Đà Nẵng |
|---|
| LEADER | 01207cam a2200373 i 4500 | ||
|---|---|---|---|
| 001 | 000046687 | ||
| 003 | 6190 | ||
| 005 | 20030916162432.0 | ||
| 008 | 010307b1997 vm 000 vie | ||
| 020 | |c 13400 | ||
| 040 | |a IRC |c IRC |d IRC | ||
| 041 | 0 | |a vie | |
| 082 | 1 | 4 | |a 669.0282 |b PH-N |
| 100 | 1 | |a Phùng Viết Ngư, |c PGS.PTS. | |
| 245 | 0 | 0 | |a Lý thuyết các quá trình luyện kim : |b Hoả luyện |n T.2 / |c Phùng Viết Ngư (Chủ biên), Phạm Kim Đĩnh, Nguyễn Kim Thiết. |
| 260 | |a Hà Nội : |b Giáo dục, |c 1997. | ||
| 300 | |a 184tr. ; |c 27cm. | ||
| 520 | 3 | |a Sách tập trung giới thiệu những vấn đề lý thuyết cơ bản nhất của các quá trình hoả luyện trong quá trình luyện kim. | |
| 630 | 0 | 4 | |a Luyện kim. |
| 630 | 0 | 4 | |a Công nghệ luyện kim. |
| 630 | 0 | 4 | |a Hoả luyện. |
| 650 | 0 | 4 | |a Luyện kim |x Công nghệ. |
| 700 | 1 | |a Phạm Kim Đĩnh, |c PGS.PTS. | |
| 700 | 1 | |a Nguyễn Kim Thiết, |c PGS.PTS. | |
| OWN | |a DUT | ||
| 999 | |a From the UDN01 | ||
| TYP | |a Monograph | ||
| TYP | |a Printed language | ||
| 980 | |a Mạng thư viện Đại học Đà Nẵng | ||